[Event "Titled Tue 1st Jul Late"]
[Site "chess.com INT"]
[Date "2025.07.01"]
[Round "5"]
[White "Lizak, Jakub"]
[Black "Venskaya, Nika"]
[Result "1-0"]
[WhiteTitle "CM"]
[BlackTitle "WCM"]
[WhiteElo "2219"]
[BlackElo "1926"]
[WhiteFideId "1158520"]
[BlackFideId "13523503"]
[EventDate "2025.07.01"]

1. e4 c5 2. Nf3 d6 3. d4 cxd4 4. Nxd4 Nf6 5. Nc3 g6 6. Be3 Bg7 7. Be2 O-O 8. g4
Nc6 9. g5 Nd7 10. h4 Nxd4 11. Bxd4 Bxd4 12. Qxd4 Qb6 13. O-O-O Qxd4 14. Rxd4 Nb6
15. f4 f5 16. h5 fxe4 17. Rxe4 Rf7 18. hxg6 hxg6 19. Rh6 Bf5 20. Rb4 Kg7 21. a4
Rb8 22. a5 Nd7 23. Bf3 Nc5 24. Rh1 e6 25. Rd1 d5 26. Rb5 b6 27. b4 Na6 28. axb6
axb6 29. Na4 Rc7 30. c3 Rc6 31. Kb2 Nc7 32. Be2 Nxb5 33. Bxb5 Rc7 34. Kb3 Rbc8
35. Rc1 Rb8 36. Nb2 Rh8 37. Na4 Rb8 38. Nb2 Rcc8 39. Rd1 Rd8 40. Re1 Rh8 41. Re3
Rh2 42. Na4 Rf2 43. Bd7 Kf7 44. c4 dxc4+ 45. Kxc4 Rxf4+ 46. Kb5 Rd4 47. Bc6 Bd3+
48. Rxd3 Rxd3 49. Nxb6 Rd6 50. Kc5 Rd1 51. b5 e5 52. Nd7 Re8 53. Nf6 Red8 54.
Ne4 Ke6 55. b6 Rb1 56. b7 Kf5 57. Nd6+ Kxg5 58. Nf7+ Kf4 59. Nxd8 e4 60. Ne6+
Ke5 61. Nd4 e3 62. Nb5 Rc1+ 63. Kb6 e2 64. b8=Q+ 1-0

[Event "Titled Tue 1st Jul Late"]
[Site "chess.com INT"]
[Date "2025.07.01"]
[Round "5"]
[White "Szpar, Milosz"]
[Black "Deng, Henry"]
[Result "1/2-1/2"]
[WhiteTitle "IM"]
[BlackTitle "FM"]
[WhiteElo "2495"]
[BlackElo "2327"]
[WhiteFideId "1184989"]
[BlackFideId "30965454"]
[EventDate "2025.07.01"]

1. e4 c5 2. Nf3 e6 3. d4 cxd4 4. Nxd4 Nf6 5. Nc3 Nc6 6. Ndb5 Bb4 7. a3 Bxc3+ 8.
Nxc3 d5 9. exd5 exd5 10. Bd3 O-O 11. O-O Bg4 12. Ne2 Qb6 13. b4 Rfe8 14. Be3 Qc7
15. h3 Bh5 16. Qd2 Bg6 17. Bxg6 hxg6 18. Rfd1 Rad8 19. Nd4 Ne4 20. Qd3 Ne5 21.
Qb3 a6 22. f3 Nd6 23. Bf2 Ndc4 24. Re1 Nc6 25. Rad1 Nxd4 26. Bxd4 Qg3 27. Qc3 f6
28. Rxe8+ Rxe8 29. Bf2 Qg5 30. Qd4 Ne3 31. Bxe3 Qxe3+ 32. Qxe3 Rxe3 33. Rd3 Re2
34. Rc3 g5 35. Rc7 b5 36. Rc6 d4 37. Kf1 Rd2 38. Rxa6 Rxc2 39. Rd6 Rc4 40. Rd5
Rc3 41. Rxd4 Rxa3 42. Rd5 Ra2 43. Rxb5 Rb2 44. Kg1 Kh7 45. Kh2 Kg6 46. Kg3 Rc2
47. Rc5 Rb2 48. Rc4 Kf5 49. Rg4 Kg6 50. h4 Kf5 51. hxg5 fxg5 52. Rc4 g6 53. Rc5+
Kf6 54. b5 Kg7 55. Rxg5 Kh6 56. Rc5 g5 57. Rc6+ Kh5 58. b6 Rb3 59. Kh2 Rb2 60.
Kh3 g4+ 61. fxg4+ Kg5 62. g3 Rxb6 63. Rc5+ Kg6 64. g5 Rb4 65. g4 Rb1 66. Kg3
Rg1+ 67. Kf3 Rf1+ 68. Ke3 Rg1 69. Kf4 Rf1+ 70. Kg3 Rg1+ 71. Kh3 Rh1+ 72. Kg2 Ra1
73. Kg3 Rg1+ 1/2-1/2

[Event "Titled Tue 1st Jul Late"]
[Site "chess.com INT"]
[Date "2025.07.01"]
[Round "5"]
[White "Shuvalov, Evgenij"]
[Black "Ahmad, Al Khatib"]
[Result "1-0"]
[BlackTitle "GM"]
[WhiteElo "1986"]
[BlackElo "2172"]
[WhiteFideId "4187237"]
[BlackFideId "8103178"]
[EventDate "2025.07.01"]

1. d4 d5 2. c4 dxc4 3. e4 Nf6 4. e5 Nd5 5. Bxc4 Bf5 6. Nc3 e6 7. Nge2 Nc6 8. O-O
Nb6 9. Bb5 Be7 10. Ng3 Bg6 11. f4 O-O 12. Bxc6 bxc6 13. f5 exf5 14. Nxf5 Bg5 15.
Qg4 Bxc1 16. Raxc1 Nd5 17. Qg3 Qd7 18. Qh3 Rad8 19. Ne4 Bxf5 20. Rxf5 Ne7 21.
Rf2 Qxh3 22. gxh3 Rxd4 23. Nc5 h6 24. Rcf1 Ng6 25. e6 f6 26. Rg2 Ne5 27. e7 Re8
28. Ne6 Rd7 29. Nxg7 Rexe7 30. Nf5+ Kf7 31. Nxe7 Rxe7 32. Rgf2 Re6 33. Rf4 Nd3
34. Ra4 Nxb2 35. Rxa7 Nd3 36. Rxc7+ Kg6 37. Rf3 Re1+ 38. Kg2 Rd1 39. Rg3+ Kf5
40. Re3 Nf4+ 41. Kf3 Rf1+ 42. Kg3 Rg1+ 43. Kf2 Ra1 44. Ra7 Rh1 45. Ra5+ Nd5 46.
Kg2 Rd1 47. Rf3+ Ke5 48. Rf2 Rd3 49. a4 Ke4 50. Re2+ Ne3+ 51. Kf2 Kf4 52. Rc5
Nd1+ 53. Ke1 Ne3 54. Rc1 Nd5 55. Ra1 Rxh3 56. a5 Nc7 57. a6 Rb3 58. a7 Na8 59.
Re8 Nc7 60. Rc8 Re3+ 61. Kf2 Re7 62. Rxc7 Rxc7 63. a8=Q Rf7 64. Qb8+ Kg5 65.
Qg3+ Kf5 66. Ra5+ Ke6 67. Qb3+ Ke7 68. Ra7+ Kd6 69. Qxf7 Kc5 70. Qe7+ Kb6 71.
Rb7+ Ka5 72. Qc7+ Ka4 73. Qb6 Ka3 74. Ra7# 1-0

[Event "Titled Tue 1st Jul Late"]
[Site "chess.com INT"]
[Date "2025.07.01"]
[Round "5"]
[White "Ryabukhin, Roman"]
[Black "Kodihalli, Kaustubh"]
[Result "0-1"]
[WhiteTitle "CM"]
[WhiteElo "2236"]
[BlackElo "2038"]
[WhiteFideId "24257893"]
[BlackFideId "30956455"]
[EventDate "2025.07.01"]

1. d4 d5 2. Bf4 Nf6 3. Nc3 c6 4. e3 Bf5 5. f3 e6 6. g4 Bg6 7. h4 h6 8. Bd3 Bxd3
9. Qxd3 Bd6 10. Nge2 Na6 11. O-O-O Bxf4 12. Nxf4 Qd6 13. Qd2 O-O-O 14. g5 Nd7
15. e4 dxe4 16. fxe4 e5 17. dxe5 Qxe5 18. Nd3 Qa5 19. Rdf1 hxg5 20. Qxg5 Qxg5+
21. hxg5 f6 22. g6 Nac5 23. Nf4 Ne5 24. b4 Na6 25. a3 Nc7 26. Nce2 Rhe8 27. Ng3
Rd4 28. Nf5 Rd7 29. Rh7 Ne6 30. Nxe6 Rxe6 31. Nxg7 Nxg6 32. Nxe6 Rxh7 33. Rxf6
Ne5 34. Rf8+ Kd7 35. Nc5+ Kc7 36. Rf5 Nc4 37. Kd1 Ne3+ 38. Ke2 Nxf5 39. exf5 Rf7
40. Ne6+ Kd6 41. Nd4 Kd5 42. Kd3 Rh7 43. c4+ Ke5 44. Nf3+ Kxf5 45. Nd4+ Ke5 46.
Nf3+ Kd6 47. Nd4 Rh3+ 48. Ke4 Rxa3 49. c5+ Kc7 50. Nc2 Rb3 51. Kd4 Rh3 52. Kc4
Rh4+ 53. Nd4 b5+ 54. Kc3 Rh5 55. Ne6+ Kd7 56. Nd4 a5 57. bxa5 Rxc5+ 58. Kb3 Rc4
59. Ne2 Ra4 60. a6 Rxa6 61. Nc3 Ra8 62. Ne4 Rh8 63. Kb4 Rh4 64. Kc5 Rxe4 65. Kb6
b4 66. Kc5 b3 67. Kb6 b2 68. Kc5 Re5+ 69. Kd4 b1=Q 70. Kxe5 Qb5+ 71. Kd4 Qd5+
72. Kc3 c5 73. Kb2 Qd4+ 74. Kc2 Kc6 75. Kc1 Kb5 76. Kc2 Kb4 77. Kb1 Kb3 78. Kc1
Qb2+ 79. Kd1 Qf2 80. Kc1 Qe1# 0-1

[Event "Titled Tue 1st Jul Late"]
[Site "chess.com INT"]
[Date "2025.07.01"]
[Round "5"]
[White "Taranenko, Evgueniy"]
[Black "Wu, Derek"]
[Result "1/2-1/2"]
[BlackTitle "FM"]
[WhiteElo "2201"]
[BlackElo "2232"]
[WhiteFideId "14122138"]
[BlackFideId "30914558"]
[EventDate "2025.07.01"]

1. a3 e5 2. Nc3 d5 3. d4 e4 4. Bf4 c6 5. f3 f5 6. e3 Nf6 7. Be2 Be7 8. Nh3 O-O
9. O-O Nbd7 10. Qe1 Nh5 11. fxe4 Nxf4 12. Nxf4 Nf6 13. e5 Ne4 14. Nxe4 fxe4 15.
Nh5 Bf5 16. Qg3 Bg6 17. Rxf8+ Bxf8 18. Nf4 Bf5 19. Bg4 Qg5 20. Bxf5 Qxf5 21. Rf1
Qd7 22. Qh3 Qxh3 23. Nxh3 Be7 24. Nf4 b5 25. Ne6 a5 26. Rc1 Kf7 27. Nf4 g5 28.
Ne2 Ke6 29. Ng3 c5 30. c3 c4 31. Ra1 Rf8 32. Rf1 Rb8 33. Ra1 b4 34. axb4 axb4
35. Ra6+ Kf7 36. Nf5 Bf8 37. e6+ Ke8 38. e7 Bxe7 39. Re6 bxc3 40. Rxe7+ Kf8 41.
bxc3 Rb3 42. Rd7 Rxc3 43. Rxd5 Rd3 44. g4 c3 45. Rc5 Kf7 46. Kf2 Ke6 47. Kg3 Kd7
48. h4 gxh4+ 49. Kxh4 Ke6 50. Kg5 Rd2 51. Rxc3 Rd3 52. Rc6+ Kd5 53. Rc5+ Ke6 54.
Kf4 Rb3 55. Kxe4 Rb1 56. Kf4 Rg1 57. Rc6+ Kf7 58. Rc7+ Kg6 59. Rg7+ Kf6 60. Rxh7
Rf1+ 61. Ke4 Ra1 62. Rh6+ Kg5 63. Rb6 Ra8 64. d5 Kxg4 65. d6 Kh3 66. Ne7 Kg2 67.
Kd5 Ra2 68. e4 Rf2 69. e5 Rf3 70. Ke6 Rg3 71. d7 Rf3 72. Rd6 Rf2 73. d8=Q Rf3
74. Qg8+ Rg3 75. Qxg3+ Kh1 76. Kf7 1/2-1/2

[Event "Titled Tue 1st Jul Late"]
[Site "chess.com INT"]
[Date "2025.07.01"]
[Round "5"]
[White "Perez Cruz, Adianet"]
[Black "Brozynski, Patryk"]
[Result "0-1"]
[WhiteTitle "WFM"]
[BlackTitle "CM"]
[WhiteElo "1984"]
[BlackElo "2192"]
[WhiteFideId "3510115"]
[BlackFideId "2512700"]
[EventDate "2025.07.01"]

1. d4 Nf6 2. Bg5 d5 3. e3 c5 4. c3 Nc6 5. Nf3 Ne4 6. Bf4 e6 7. Nbd2 f5 8. Ne5
Be7 9. Qh5+ g6 10. Nxg6 Kd7 11. Nxh8 Qxh8 12. Bb5 Nxd2 13. Kxd2 a6 14. Bxc6+
Kxc6 15. Be5 Qg8 16. g3 Bd7 17. Rac1 b5 18. dxc5 Bxc5 19. Bd4 Bd6 20. Qe2 e5 21.
f4 exd4 22. cxd4+ Kb6 23. Rc2 Bb4+ 24. Kc1 Qe6 25. a3 Bd6 26. Re1 Qe4 27. Qg2
Rc8 28. Qxe4 fxe4 29. Rxc8 Bxc8 30. Kc2 h5 31. b4 a5 32. Kc3 Bg4 33. h4 Bf5 34.
Rb1 Be7 35. Rb2 Bg4 36. Rb1 Be2 37. Re1 Bg4 38. Rf1 Bf5 39. Rf2 Bf8 40. Rf1 Be7
41. Rf2 Kc6 42. Kb3 Kb7 43. Rc2 Bd7 44. bxa5 Bd6 45. Rc3 Ka6 46. Rc1 Kxa5 47.
Ra1 Bg4 48. Rf1 Bh3 49. Rf2 Bf5 50. Rf1 Kb6 51. Rf2 Be7 52. Rc2 Bd7 53. Rc1 Bd6
54. Ra1 Kc7 55. Rc1+ Kd8 56. Rf1 Ke7 57. Ra1 Ke6 58. Kc2 Kf5 59. Kd2 Kg4 60. a4
bxa4 61. Ke2 Kxg3 62. Rg1+ Kxh4 63. Kf2 a3 64. Rh1+ Kg4 65. Rg1+ Kh4 66. Rh1+
Kg4 67. Rg1+ Kf5 68. Rg5+ Ke6 69. Rg6+ Ke7 70. Rg7+ Kd8 71. Rg8+ Be8 72. Rg7 Be7
73. Rg1 Bb5 74. Ra1 Bc4 75. f5 a2 76. Kg3 Bb4 77. Kf4 Bc3 78. Rxa2 Bxa2 79. Ke5
Bc4 80. f6 Ke8 81. Kf5 Kf7 82. Kg5 Bd2 83. Kxh5 Bxe3 84. Kg4 Bxd4 85. Kf5 Bxf6
86. Kf4 Ke6 87. Ke3 Ke5 0-1

[Event "Titled Tue 1st Jul Late"]
[Site "chess.com INT"]
[Date "2025.07.01"]
[Round "5"]
[White "Pereyra, Horacio"]
[Black "Santos, Antonio P"]
[Result "1-0"]
[BlackTitle "FM"]
[WhiteElo "2133"]
[BlackElo "2165"]
[WhiteFideId "113700"]
[BlackFideId "1900161"]
[EventDate "2025.07.01"]

1. d4 Nf6 2. Nc3 d5 3. Bg5 Nbd7 4. f3 c5 5. e4 dxe4 6. fxe4 cxd4 7. Qxd4 e5 8.
Qa4 Bc5 9. O-O-O O-O 10. Bb5 Qb6 11. Nf3 Be3+ 12. Bxe3 Qxe3+ 13. Kb1 Nc5 14. Qb4
Ncxe4 15. Nxe4 Qxe4 16. Qe7 Bg4 17. Rhe1 Qf4 18. Qxe5 Qxe5 19. Rxe5 Bxf3 20.
gxf3 Rfd8 21. Rde1 Rd5 22. Bc4 Rxe5 23. Rxe5 Kf8 24. Rc5 Rd8 25. Rc7 Rd7 26.
Rxd7 Nxd7 27. Kc1 Ke7 28. Kd2 Ne5 29. Be2 g5 30. c4 b6 31. b4 Kd6 32. Kc3 Ng6
33. Kd4 Nf4 34. Bd1 f5 35. c5+ bxc5+ 36. bxc5+ Kc6 37. Ba4+ Kc7 38. Ke5 Nd3+ 39.
Kxf5 Nxc5 40. Bc2 h6 41. Kg6 Kd6 42. Kxh6 Ne6 43. Bb3 Nd4 44. Bd1 Ne6 45. Kh5
Ke5 46. Kg4 Kf6 47. h4 gxh4 48. Kxh4 Kf5 49. Kg3 Nf4 50. Bc2+ Kg5 51. Kf2 Kf6
52. Ke3 Ke5 53. Bb3 Ng2+ 54. Kd3 Ne1+ 55. Ke2 Ng2 56. Kd3 Ne1+ 57. Ke2 Ng2 58.
Kf2 Nf4 59. Bc2 Nd5 60. Kg3 Nf4 61. Bd1 Nd3 62. Kg4 Nf4 63. Bc2 Ne2 64. Be4 Nf4
65. Bb7 Ne2 66. Kh3 Nf4+ 67. Kg3 Ne2+ 68. Kf2 Nf4 69. Ke3 Ng2+ 70. Kd3 Ne1+ 71.
Kc4 Ng2 72. Kb5 Kd6 73. Ka6 1-0

[Event "Titled Tue 1st Jul Late"]
[Site "chess.com INT"]
[Date "2025.07.01"]
[Round "5"]
[White "Fomevor, Cephas Clinton"]
[Black "Yazici, Ugur Doga"]
[Result "1/2-1/2"]
[WhiteTitle "CM"]
[BlackTitle "CM"]
[WhiteElo "1883"]
[BlackElo "2161"]
[WhiteFideId "12601330"]
[BlackFideId "6363342"]
[EventDate "2025.07.01"]

1. d4 d5 2. c4 e6 3. Nc3 Bb4 4. cxd5 exd5 5. Nf3 Nf6 6. Bg5 O-O 7. e3 c5 8. Bxf6
Qxf6 9. Be2 Nc6 10. O-O Bxc3 11. bxc3 c4 12. Rb1 Qe7 13. Rb5 Rd8 14. h3 Bf5 15.
Qd2 Bg6 16. Bd1 b6 17. Bc2 Bh5 18. g4 Bg6 19. Bxg6 hxg6 20. Qc2 Rd6 21. Kg2 a6
22. Rbb1 b5 23. Rbe1 Re8 24. Nd2 b4 25. e4 Re6 26. e5 bxc3 27. Qxc3 Qb4 28. Qxb4
Nxb4 29. Rb1 a5 30. a3 Nc2 31. Rb5 Nxd4 32. Rxd5 Nc2 33. Rxa5 c3 34. Ne4 Rxe5
35. Rxe5 Rxe5 36. Nxc3 Nxa3 37. Ra1 Nc4 38. Ra4 Nd2 39. Rd4 Nb3 40. Re4 Rc5 41.
Ne2 g5 42. Ng3 Nd2 43. Re8+ Kh7 44. Nf5 Nc4 45. Re7 Kg8 46. Re8+ Kh7 47. Re7 Kg6
48. Re8 Ne5 49. Rd8 Nc4 50. Rd3 Re5 51. Rd6+ Re6 52. Rxe6+ fxe6 53. Ne7+ Kf6 54.
Nc6 Ne5 55. Nd4 Ng6 56. Nf3 Nh4+ 57. Nxh4 gxh4 58. Kf3 g5 59. Ke4 Kf7 60. Ke5
Ke7 61. f3 Kf7 62. Kd6 Kf6 63. Kd7 Ke5 64. Ke7 Kf4 65. Kxe6 Kxf3 66. Kf5 Kg3 67.
Kxg5 Kxh3 68. Kf5 Kg3 69. g5 h3 70. g6 h2 71. g7 h1=Q 72. g8=Q+ Kf2 73. Qa2+ Kg3
74. Qb3+ Qf3+ 75. Qxf3+ Kxf3 1/2-1/2

[Event "Titled Tue 1st Jul Late"]
[Site "chess.com INT"]
[Date "2025.07.01"]
[Round "5"]
[White "Burovic, Rijad"]
[Black "Sharankov, Grigory"]
[Result "1-0"]
[WhiteTitle "IM"]
[BlackTitle "CM"]
[WhiteElo "2420"]
[BlackElo "2238"]
[WhiteFideId "14407701"]
[BlackFideId "4168356"]
[EventDate "2025.07.01"]

1. e4 e6 2. d3 d5 3. Nd2 h6 4. Ngf3 Nf6 5. e5 Nh7 6. d4 a5 7. c3 a4 8. Bd3 c5 9.
h4 Nc6 10. Qc2 g6 11. h5 c4 12. Be2 g5 13. Nh2 f5 14. exf6 Nxf6 15. Qg6+ Kd7 16.
Ng4 Nxg4 17. Bxg4 Qe8 18. Qc2 Bd6 19. Nf3 Kc7 20. O-O e5 21. Bxc8 Qxc8 22. dxe5
Bxe5 23. Rd1 Qe6 24. Be3 Rhf8 25. Nd4 Bxd4 26. Bxd4 Rf7 27. b3 axb3 28. axb3
Rxa1 29. Rxa1 Qf5 30. Qxf5 Rxf5 31. bxc4 dxc4 32. Bg7 g4 33. Bxh6 Rxh5 34. Bf4+
Kb6 35. Rb1+ Ka6 36. Be3 b5 37. Rd1 b4 38. Rd6 Kb5 39. cxb4 Nxb4 40. Rg6 c3 41.
Rxg4 Rd5 42. Rg5 Rxg5 43. Bxg5 Nd5 44. g4 Kc4 45. Kf1 c2 46. Ke2 Nc3+ 47. Kf3
Kb3 48. Bd2 Nb1 49. Be3 Kc3 50. Ke2 Kb2 51. f4 Nc3+ 52. Kd3 Nd5 53. Bd2 Nb4+ 54.
Ke2 Nd5 55. f5 Nc3+ 56. Kd3 Nb1 57. Be3 Nc3 58. g5 Nd5 59. Bd2 Ne7 60. f6 Ng6
61. Ke4 Kb3 62. Kf5 Nh4+ 63. Ke6 Ng6 64. Kf5 Nh4+ 65. Kg4 Ng6 66. Kh5 Ne5 67. g6
Nf3 68. Be3 Kc4 69. f7 Kd3 70. Bc1 1-0

[Event "Titled Tue 1st Jul Late"]
[Site "chess.com INT"]
[Date "2025.07.01"]
[Round "5"]
[White "Cuevas Araya, Walter"]
[Black "Rosen, Eric"]
[Result "0-1"]
[WhiteTitle "FM"]
[BlackTitle "IM"]
[WhiteElo "2052"]
[BlackElo "2377"]
[WhiteFideId "3405028"]
[BlackFideId "2032562"]
[EventDate "2025.07.01"]

1. e4 e5 2. Nf3 Nf6 3. Nxe5 Nc6 4. Nxc6 dxc6 5. d3 Bc5 6. c3 Nxe4 7. d4 O-O 8.
Be2 Bd6 9. O-O Bf5 10. Nd2 Qf6 11. Nc4 Rfe8 12. Bf3 h6 13. Nxd6 Nxd6 14. Bf4 Be4
15. Bxd6 cxd6 16. Bxe4 Rxe4 17. Re1 Rae8 18. Qd2 Qe6 19. Rxe4 Qxe4 20. Kf1 Qd5
21. b3 Qh5 22. h3 Re4 23. Re1 Qf5 24. Rxe4 Qxe4 25. f3 Qb1+ 26. Kf2 Kf8 27. c4
b6 28. Kg3 Qg6+ 29. Kf2 a5 30. Qe3 Qc2+ 31. Qe2 Qc3 32. Qd1 Qb2+ 33. Kg3 Qxa2
34. d5 c5 35. Qd3 Qb2 36. f4 g6 37. Kh2 Qf6 38. Qe4 Kg7 39. g4 Qb2+ 40. Kh1 Qxb3
41. f5 Qd1+ 42. Kg2 Qd2+ 43. Kf3 Qc3+ 44. Kg2 Qd4 45. Qf3 Qf6 46. Qe4 gxf5 47.
gxf5 a4 48. h4 h5 49. Kh3 Qc3+ 50. Kh2 a3 51. Qg2+ Kf8 52. Qg5 Qb2+ 53. Kh3 Qc3+
54. Kh2 Qe5+ 55. Kh3 a2 56. Qd8+ Qe8 57. Qxd6+ Kg8 58. Qg3+ Kh7 59. f6 Qg8 60.
Qd3+ Qg6 61. Qa3 Qf5+ 62. Kh2 Qc2+ 63. Kh3 Qf5+ 64. Kh2 Qf4+ 65. Kh3 Qg4+ 66.
Kh2 Qxh4+ 67. Kg2 Qg5+ 68. Kf2 Qxf6+ 69. Ke3 a1=Q 70. Qxa1 Qxa1 71. Kf4 Qd4+ 72.
Kf5 Qxc4 73. d6 Qd5+ 74. Kf6 Qxd6+ 75. Kxf7 c4 76. Ke8 Qc7 77. Kf8 h4 0-1

[Event "Titled Tue 1st Jul Late"]
[Site "chess.com INT"]
[Date "2025.07.01"]
[Round "5"]
[White "Mayans Calvo, Mariano"]
[Black "Przybylski, Wojciech"]
[Result "1-0"]
[WhiteTitle "CM"]
[BlackTitle "FM"]
[WhiteElo "2101"]
[BlackElo "2340"]
[WhiteFideId "2251426"]
[BlackFideId "1117599"]
[EventDate "2025.07.01"]

1. c4 e5 2. Nc3 Nf6 3. Nf3 Nc6 4. g3 d5 5. cxd5 Nxd5 6. Bg2 Nb6 7. O-O Be7 8. d3
O-O 9. a3 Be6 10. b4 a5 11. b5 Nd4 12. Rb1 f6 13. Nxd4 exd4 14. Ne4 Bd5 15. Qc2
f5 16. Nd2 Bxg2 17. Kxg2 Qd5+ 18. Kg1 Rac8 19. Qb3 a4 20. Qxd5+ Nxd5 21. Bb2 Bf6
22. Rbc1 Rfe8 23. Rfe1 Nc3 24. Bxc3 dxc3 25. Nb1 c6 26. Nxc3 Bxc3 27. Rxc3 cxb5
28. Rxc8 Rxc8 29. Rb1 Rc5 30. d4 Rd5 31. e3 Kf7 32. Kf1 Ke7 33. Ke2 Kd7 34. Kd3
Kc6 35. f3 Rd8 36. h3 Rf8 37. Rc1+ Kb6 38. Rc5 b4 39. axb4 Ra8 40. Kc2 a3 41.
Kb1 Ra4 42. Ka2 g6 43. g4 fxg4 44. hxg4 Rxb4 45. Kxa3 Rb1 46. Re5 Rf1 47. f4 Kc6
48. Kb4 h5 49. gxh5 gxh5 50. Rxh5 Re1 51. Re5 Rb1+ 52. Kc4 b5+ 53. Kd3 Rd1+ 54.
Kc2 Re1 55. f5 Rf1 56. e4 Rf3 57. Re6+ Kc7 58. f6 b4 59. e5 b3+ 60. Kb2 Kd7 61.
Rd6+ Kc7 62. Re6 Kd7 63. Re7+ Kc6 64. f7 Kd5 65. Rd7+ Kc4 66. Rc7+ Kb4 67. e6
Rf2+ 68. Kb1 Rf1+ 69. Rc1 Rf2 70. e7 Ka3 71. Re1 Rb2+ 72. Kc1 Rc2+ 73. Kd1 Rc8
74. f8=Q b2 75. e8=Q+ Ka2 76. Qff7+ Ka1 77. Qa4+ Kb1 78. Qf5+ Rc2 79. Qfxc2# 1-0

[Event "Titled Tue 1st Jul Late"]
[Site "chess.com INT"]
[Date "2025.07.01"]
[Round "5"]
[White "Jimenez Almeida, Luis David"]
[Black "Yang, Larry"]
[Result "1/2-1/2"]
[WhiteTitle "FM"]
[WhiteElo "2188"]
[BlackElo "2017"]
[WhiteFideId "22242244"]
[BlackFideId "2637618"]
[EventDate "2025.07.01"]

1. e4 c5 2. Nc3 Nc6 3. g3 g6 4. Bg2 Bg7 5. d3 d6 6. Be3 Rb8 7. a4 a6 8. Qd2 e6
9. Nge2 b5 10. axb5 axb5 11. O-O b4 12. Nd1 Qb6 13. f4 Nge7 14. f5 exf5 15. Bh6
O-O 16. Bxg7 Kxg7 17. Ne3 fxe4 18. Bxe4 Ne5 19. Nf4 Bb7 20. Rae1 Bxe4 21. dxe4
c4 22. Kg2 N7c6 23. c3 bxc3 24. bxc3 Qb2 25. Nc2 Rb3 26. Nd5 Nd3 27. Rb1 Qxb1
28. Rxb1 Rxb1 29. Nde3 Nce5 30. Nxc4 Nxc4 31. Qxd3 Rb2 32. Kh3 Ne5 33. Qxd6 Rxc2
34. Qxe5+ Kg8 35. Qf6 Re2 36. Qe5 Rc8 37. Kg4 h6 38. h4 Rc2 39. h5 g5 40. Qf6
R2xc3 41. Qxh6 R3c5 42. Qf6 R8c6 43. Qd8+ Kg7 44. Qd4+ Kh7 45. Qd7 Kg7 46. Qe7
Rc4 47. Kxg5 Re6 48. Qd7 Rcxe4 49. g4 R4e5+ 50. Kh4 Re4 51. Qd3 R4e5 52. Qc3 Kh7
53. Qf3 Kg7 54. Qf4 Re1 55. Qg5+ Kf8 56. Qf5 R1e5 57. Qf4 Re4 58. Qc7 Re7 59.
Qd8+ Kg7 60. Kg5 R4e5+ 61. Kh4 Re4 62. Qd6 R7e6 63. Qd5 R6e5 64. Qd3 f5 65. Qd7+
Kf6 66. Qd8+ Ke6 67. Qe8+ Kd5 68. Qd8+ Kc4 69. Qc7+ Kd4 70. Qd7+ Kc4 71. Qc6+
Kd4 72. Qd6+ Kc4 73. Qc7+ Kd3 74. Kg5 Rxg4+ 75. Kf6 Rge4 76. Qd6+ Ke3 77. Qxe5
Rxe5 78. Kxe5 f4 79. h6 f3 80. h7 f2 81. h8=Q f1=Q 82. Qh6+ Kd3 83. Qd6+ Kc2 84.
Qc5+ Kb3 85. Qb6+ Ka4 86. Qa7+ Kb4 87. Qb6+ Ka4 88. Qa7+ Kb4 89. Qb6+ Ka4 1/2-1/2

[Event "Titled Tue 1st Jul Late"]
[Site "chess.com INT"]
[Date "2025.07.01"]
[Round "5"]
[White "Yatskar, Martin"]
[Black "Storey, Charles H"]
[Result "0-1"]
[WhiteTitle "CM"]
[BlackTitle "FM"]
[WhiteElo "2225"]
[BlackElo "2102"]
[WhiteFideId "34109676"]
[BlackFideId "406686"]
[EventDate "2025.07.01"]

1. d4 g6 2. c4 Bg7 3. Nf3 c5 4. g3 cxd4 5. Nxd4 Nc6 6. Nxc6 bxc6 7. Bg2 Nf6 8.
O-O O-O 9. Nc3 Bb7 10. e4 d6 11. Re1 Nd7 12. Be3 Qa5 13. Bd4 Bxd4 14. Qxd4 c5
15. Qe3 Ne5 16. b3 Rfc8 17. Nd5 Qd8 18. f4 Nc6 19. Rad1 Nd4 20. Rxd4 cxd4 21.
Qxd4 Bxd5 22. exd5 Qb6 23. Qf2 Qxf2+ 24. Kxf2 Kf8 25. Bh3 Rc7 26. Bf1 a5 27. Re4
Rb8 28. Bd3 a4 29. Bc2 a3 30. Ke3 Rcb7 31. Kd4 Re8 32. Kc3 e6 33. dxe6 fxe6 34.
Rd4 Ke7 35. b4 Reb8 36. b5 Rc7 37. Kb4 Rc5 38. Bb3 Ra8 39. Rd3 e5 40. fxe5 Rxe5
41. Bd1 Re1 42. b6 Re5 43. Bf3 Ra6 44. b7 Rb6+ 45. Kc3 Kd7 46. Bd5 Kc7 47. g4
Rb2 48. Rf3 Rxd5 49. Rf7+ Kb8 50. cxd5 Rxa2 51. Rxh7 Rg2 52. Rh8+ Kxb7 53. Rh7+
Kb6 54. Rh8 a2 55. Ra8 Rxh2 56. Kb3 Kc5 57. Ra5+ Kd4 58. Ra4+ Kxd5 59. Kc3 Ke6
60. Ra5 d5 61. Kd4 Rd2+ 62. Ke3 Rg2 63. Ra6+ Ke5 64. Ra5 Rg3+ 65. Kf2 Rxg4 66.
Rxa2 Re4 67. Ra8 g5 68. Re8+ Kd4 69. Rg8 Kd3 70. Kf3 d4 71. Rxg5 Re3+ 72. Kf2
Kd2 73. Ra5 Rc3 74. Rd5 d3 75. Kf3 Rc4 76. Rd8 Rc6 77. Rf8 Kc2 78. Ke3 d2 79.
Rd8 Rc3+ 80. Kf2 Rd3 81. Rc8+ Kb3 82. Rb8+ Ka4 83. Ra8+ Kb5 84. Rb8+ Ka6 85. Rb1
d1=Q 86. Rxd1 Rxd1 87. Ke2 Rd6 88. Ke3 Kb6 89. Ke2 Kc6 90. Kf2 Kc5 91. Kf3 Kd5
92. Kf2 Ke4 93. Kg2 Rd2+ 94. Kf1 Kf3 95. Kg1 Rf2 96. Kh1 Kg3 97. Kg1 Rf3 98. Kh1
Rf1# 0-1

[Event "Titled Tue 1st Jul Late"]
[Site "chess.com INT"]
[Date "2025.07.01"]
[Round "5"]
[White "Amdouni, Zoubaier"]
[Black "Evdokimov, Alexey"]
[Result "1-0"]
[WhiteTitle "FM"]
[BlackTitle "FM"]
[WhiteElo "2186"]
[BlackElo "2205"]
[WhiteFideId "5500419"]
[BlackFideId "24162450"]
[EventDate "2025.07.01"]

1. d4 Nf6 2. Bg5 g6 3. Bxf6 exf6 4. c4 d5 5. cxd5 Qxd5 6. Nc3 Qd8 7. g3 Bd6 8.
Bg2 O-O 9. e3 c6 10. Nge2 Kg7 11. O-O h5 12. a3 h4 13. b4 a6 14. Ne4 h3 15. Bh1
Bg4 16. f3 Be6 17. Nc5 Bxc5 18. bxc5 b5 19. cxb6 Qxb6 20. Rb1 Qa7 21. Nc3 Rd8
22. Qe2 c5 23. d5 Bxd5 24. Rfd1 Nc6 25. Nxd5 Rac8 26. Nf4 Re8 27. Nxh3 c4 28.
Kf2 Ne5 29. Nf4 c3 30. Rbc1 Rb8 31. Rxc3 Qb6 32. Nd3 Qa5 33. Rdc1 Rbd8 34. Nxe5
Rxe5 35. f4 Rb5 36. R3c2 f5 37. Bf3 Kh7 38. e4 fxe4 39. Bxe4 Qxa3 40. Qf3 Rb3
41. Qg4 Rb2 42. Qh4+ Kg7 43. Qxd8 Qc5+ 44. Kg2 Rxc2+ 45. Rxc2 Qe3 46. Qd3 Qb6
47. Ra2 a5 48. Qc3+ Kh7 49. Qxa5 Qb3 50. Qh5+ Kg7 51. Qe5+ Kh7 52. Qb2 Qc4 53.
Qc2 Qb4 54. Ra8 Kg7 55. h4 Qd4 56. Rc8 Qb4 57. Qc3+ Qxc3 58. Rxc3 f5 59. Kf3 Kh6
60. Bd3 Kh5 61. Rc6 Kh6 62. h5 Kxh5 63. g4+ fxg4+ 64. Kg3 g5 65. Bg6+ Kh6 66.
fxg5+ Kg7 67. Kxg4 Kg8 68. Kf5 Kg7 69. Bf7 Kf8 70. g6 Kg7 71. Rc8 Kh6 72. Rh8+
Kg7 73. Rh7+ Kf8 74. g7+ Kxf7 75. g8=Q+ Kxg8 76. Kg6 Kf8 77. Kf6 Kg8 78. Rf7 Kh8
79. Kg6 Kg8 80. Rf4 Kh8 81. Rf8# 1-0

[Event "Titled Tue 1st Jul Late"]
[Site "chess.com INT"]
[Date "2025.07.01"]
[Round "5"]
[White "Graif, William"]
[Black "Abraham, John Z"]
[Result "1-0"]
[WhiteTitle "FM"]
[WhiteElo "2211"]
[BlackElo "2108"]
[WhiteFideId "2609835"]
[BlackFideId "30987318"]
[EventDate "2025.07.01"]

1. e4 c5 2. Nc3 e6 3. Nge2 Nc6 4. g3 Nf6 5. Bg2 e5 6. O-O d6 7. d3 Be7 8. f4 a6
9. h3 h5 10. f5 b5 11. Bg5 Bb7 12. Bxf6 gxf6 13. Nd5 Nb8 14. Kh2 Bxd5 15. exd5
Nd7 16. Nc3 h4 17. g4 Bf8 18. Ne4 Qe7 19. c4 bxc4 20. dxc4 Bh6 21. Qe1 Rb8 22.
b3 Kf8 23. Kh1 Bf4 24. Qa5 Kg7 25. Qxa6 Ra8 26. Qxd6 Qxd6 27. Nxd6 Ra6 28. Ne4
Rha8 29. Rf2 Be3 30. Rc2 Bd4 31. Nc3 Bxc3 32. Rxc3 Rxa2 33. Rxa2 Rxa2 34. Rd3
Rb2 35. d6 Kf8 36. Bc6 Ke8 37. Rd5 Kd8 38. Bxd7 Kxd7 39. Rxc5 Kxd6 40. Rd5+ Ke7
41. Rb5 Rc2 42. c5 Rc3 43. Kh2 Rc2+ 44. Kg1 Rc3 45. Rb7+ Kd8 46. b4 Rxh3 47.
Rxf7 Rg3+ 48. Kf2 Rxg4 49. b5 Rb4 50. b6 Kc8 51. Rxf6 Rb2+ 52. Kf3 h3 53. Kg3
Rb3+ 54. Kh2 e4 55. Re6 Rb4 56. Kxh3 Kb7 57. f6 Rb3+ 58. Kg2 Rf3 59. Re7+ Kc6
60. Rxe4 Rxf6 61. Re5 Kb7 62. Kg3 Rf1 63. Kg4 Rc1 64. Kf5 Rc4 65. Ke6 Rc1 66.
Kd5 Rd1+ 67. Kc4 Rc1+ 68. Kd5 Rd1+ 69. Ke6 Kc6 70. Rh5 Re1+ 71. Re5 Rd1 72. Kf6
Rf1+ 73. Kg5 Rg1+ 74. Kf4 Rf1+ 75. Ke3 Re1+ 76. Kd4 Rd1+ 77. Kc3 Rc1+ 78. Kb2
Rg1 79. Rf5 Rg2+ 80. Kb3 Rg3+ 81. Kb4 Rg4+ 82. Ka5 Rg1 83. Rf4 Ra1+ 84. Ra4 Rb1
85. Ka6 Kxc5 86. b7 Rb6+ 87. Ka7 Kb5 88. Rb4+ Kxb4 89. Kxb6 1-0